Statistiken für Pokemon Arenaleiter und Top 4 - 1. Gen.

Klicken Sie hier um das Quiz zu spielen!

Allgemein

  • Dieses Quiz wurde 176 mal gespielt
    (175 seit der letzten Aktualisierung)
  • Das Durchschnittsergebnis liegt bei 24 aus 33

Antwortstatistiken

HintAnswers% Korrekt
NameMisty
98%
NameRocko
98%
TypGestein
93%
TypWasser
93%
Typ
Elektro
90%
TypPsycho
89%
TypDrache
88%
TypFeuer
88%
TypPflanze
88%
TypEis
87%
TypBoden
85%
TypGift
85%
NameGiovanni
85%
TypKampf
85%
TypGeist
84%
NameSiegfried
83%
NameBlau
77%
NamePyro
76%
NameSabrina
76%
NameMajor Bob
75%
NameErika
73%
NameKoga
70%
NameBruno
65%
OrdenFelsorden
65%
NameAgathe
64%
NameLorelei
60%
OrdenDonnerorden
50%
Orden
Quellorden
46%
OrdenErdorden
43%
OrdenVulkanorden
40%
OrdenFarborden
38%
OrdenSumpforden
38%
OrdenSeelenorden
34%

Verteilung der Resultate

Perzentil nach korrekt beantworteten Fragen

Anzahl Personen mit jedem Resultat

Ihre Resultats-Entwicklung

Sie haben dieses Quiz seit der letzten Aktualisierung nicht gespielt